Citations Jurassic Park - Statistiques

Statistiques générales
  • Ce quiz a été pris 223 fois
  • Le résultat moyen est 8 sur 15
Statistiques - réponses
Hint Réponse % Correct
Petite futée
89%
J'ai dépensé sans compter
83%
Quand faut y aller faut y aller
82%
Son acuité visuelle est basée sur le mouvement
80%
La vie trouve toujours un chemin
76%
Auriez-vous projeté d'avoir des dinosaures dans votre parc à dinosaures
54%
Ha ha ha, vous n'avez pas dit Le mot magique
53%
N'allez pas dans les hautes herbes
52%
P*tain, j'en ai marre d'avoir toujours raison
45%
Les dinosaures mangent l'homme La femme hérite de la terre
45%
Des mangeurs de viande ? Des viandosaures
41%
Qu'est-ce qu'il y a là dedans, King Kong ?
39%
C'est.. c'est un dinosaure
31%
L'un de vous se promène dans le parc et soulève les jupes des dinosaures
27%
Oh, oui, wouh, ah, ça commence toujours comme ça Et puis après y'a des sauve qui peut, et puis y'a des hurlements
1%
Aucun quiz correspondant
Distribution des résultats
% des personnes avec chaque résultat
Percentile par nombre de réponses
Votre historique - résultats
Vous n’avez pas pris ce quiz